|
|
|
|
| LEADER |
01773nam a22003494a 4500 |
| 001 |
35506 |
| 003 |
BD-DhAAL |
| 005 |
20211130114619.0 |
| 008 |
190917t2003 caua b 001 0 eng |
| 999 |
|
|
|c 41284
|d 41284
|
| 010 |
|
|
|a 2002155469
|
| 020 |
|
|
|a 0761938265 (hbk. : alk. paper)
|
| 020 |
|
|
|a 0761938273 (pbk. : alk. paper)
|
| 040 |
|
|
|a DLC
|c DLC
|d DLC
|d BD-DhAAL
|
| 042 |
|
|
|a pcc
|
| 050 |
0 |
0 |
|a LB1576
|b .C419 2003
|
| 082 |
0 |
0 |
|a 372.623
|2 21
|
| 100 |
1 |
|
|a Chapman, Carolyn,
|d 1945-
|9 34765
|
| 245 |
1 |
0 |
|a Differentiated instructional strategies for writing in the content areas /
|c Carolyn Chapman and Rita King.
|
| 260 |
|
|
|a Thousand Oaks, Calif. :
|b Corwin Press,
|c c2003.
|
| 300 |
|
|
|a x, 158 pages :
|b illustrations ;
|c 25 cm.
|
| 504 |
|
|
|a Includes bibliographical references (p. 149-151) and index.
|
| 505 |
0 |
|
|a Introduction, infusing writing in the content areas -- Creating a climate for writing -- Knowing the writer -- Diagnosing and assessing writers -- Differentiating the writing process -- Instructional strategies and activities for the differentiated writing classroom -- Curriculum approaches for the differentiated writing classroom.
|
| 526 |
|
|
|a BIED
|
| 541 |
|
|
|a Complimentary copy from BIED
|e 35506
|
| 650 |
|
0 |
|a English language
|x Composition and exercises
|x Study and teaching.
|9 34766
|
| 650 |
|
0 |
|a Language arts
|x Correlation with content subjects.
|x Education
|9 34767
|
| 650 |
|
0 |
|a Individualized instruction.
|9 34768
|
| 700 |
1 |
|
|a King, Rita.
|9 34769
|
| 852 |
|
|
|a Ayesha Abed Library
|c BIED Collection
|
| 942 |
|
|
|2 ddc
|c BK
|
| 952 |
|
|
|0 0
|1 0
|2 ddc
|4 0
|6 372_623000000000000_CHA
|7 0
|9 66347
|a BRACUL
|b BRACUL
|c GEN
|d 2019-09-17
|e Complimentary copy from BIED
|l 0
|o 372.623 CHA
|p 3010035506
|r 2019-09-17
|t 1
|w 2019-09-17
|y BK
|x Transferred from BIED to General Stacks
|